| Поле | Инд. | ПП | Название | Значение |
|---|---|---|---|---|
| Тип записи | a | |||
| Библиографический уровень | a | |||
| 001 | Контрольный номер | fc8f4c61257a4166aef40e94e658ec6a | ||
| 005 | Дата корректировки | 20190201114247.7 | ||
| 100 | a | Данные общей обработки | 20190201 ||| 0rusy0189 ca | |
| 101 | 0_ | a | Язык текста | rus |
| 102 | a | Страна публикации | RU | |
| 200 | 1_ | f | Первые сведения об ответственности | А.С. Мамыкин |
| a | Заглавие | К вопросу о роли Координационного совета генеральных прокуроров государств - участников СНГ в укреплении законности и правопорядка в странах Содружества | ||
| b | Общее обозначение материала | Электронный ресурс | ||
| 210 | 1_ | d | Дата издания | 2018 |
| 461 | _0 | 1 | 2000 | |
| a | Закон и право | |||
| 463 | _0 | 1 | 2000 | |
| a | № 12 | |||
| v | С. 120-124 | |||
| 1 | 2101 | |||
| d | 2018 | |||
| 1 | 0015f466bb8753f44a98aa773b211b7b3ee | |||
| 606 | a | Основная рубрика | Правоохранительные и судебные органы | |
| 610 | 0_ | a | Ключевые слова | РГУП |
| a | Ключевые слова | ПРОКУРОРСКАЯ ДЕЯТЕЛЬНОСТЬ | ||
| a | Ключевые слова | МЕЖДУНАРОДНЫЕ ДОГОВОРЫ | ||
| a | Ключевые слова | МЕЖДУНАРОДНАЯ ПРАВОВАЯ ПОМОЩЬ | ||
| a | Ключевые слова | МЕЖДУНАРОДНЫЕ ОРГАНИЗАЦИИ | ||
| a | Ключевые слова | СНГ | ||
| 700 | _1 | a | Фамилия | Мамыкин |
| b | Имя | А.С. | ||
| 801 | _0 | a | Страна | RU |
| b | Организация | РГУП | ||
| c | Дата составления | 20190201 | ||
| g | Правила каталогизации | PSBO | ||
| 801 | _1 | a | Страна | RU |
| b | Организация | РГУП | ||
| c | Дата составления | 20190201 | ||
| g | Правила каталогизации | PSBO | ||
| 901 | t | Тип документа | b | |
| w | Контрольный № источника | 5f466bb8753f44a98aa773b211b7b3ee | ||
| 905 | a | Дата ввода | 20190201 |